00852cam a22002773a 45000010005000000030006000050050017000110080041000280400015000690420007000840500007000911000038000982450068001362600029002045060030002335160020002636530045002836530022003286530038003506530032003886530035004206530020004556530030004758300028005058560041005334515PGUSA20140828083057.0031001s2003||||xxu|||||s|||||000 1 eng d aPGUSAbeng adc 4aPS1 aCurwood, James Oliver,d1878-192714aThe Golden Snareh[electronic resource] /cJames Oliver Curwood bProject Gutenberg,c2003 aPublic domain in the USA. aElectronic text aRoyal Canadian Mounted Police -- Fiction aCanada -- Fiction aFugitives from justice -- Fiction aWilderness areas -- Fiction aNorthwest, Canadian -- Fiction aWestern stories aMounted police -- Fiction 0aProject Gutenbergv451540uhttp://www.gutenberg.org/ebooks/4515